Normal view
MARC view
- Islamic Empire
Entry Geographic Name
001 - CONTROL NUMBER
- control field: 6121
003 - CONTROL NUMBER IDENTIFIER
- control field: NUST
005 - DATE AND TIME OF LATEST TRANSACTION
- control field: 20171108092848.0
008 - FIXED-LENGTH DATA ELEMENTS
- fixed length control field: 171108|| aca||aabn | a|a d
040 ## - CATALOGING SOURCE
- Original cataloging agency: NUST
- Transcribing agency: NUST
151 ## - HEADING--GEOGRAPHIC NAME
- Geographic name: Islamic Empire
- General subdivision: History.
670 ## - SOURCE DATA FOUND
- Source citation: Work cat.: (NUST)0: Armstrong, Karen, 1944- 945, Islam :, 2002.
